The Oxford dictionary of catchphrases

Podrobná bibliografia
Ďalší autori: Farkas, Anna (Zostavovateľ, kompilátor)
Médium: Kniha
Jazyk:angličtina
Fyzický popis:357 s. 20 cm
Vydavateľské údaje: Oxford Oxford University Press 2002
ISBN:0198607350
Edícia:Oxford paperback reference
Predmet:

MARC

LEADER 00000nam a2200000 a 4500
001 vtls001479327
003 SK-MaSNL
005 20260426014553.0
008 251113s2002 GB 0 eng
020 |a 0198607350  |c 250,00 Sk 
035 |a SNK000434625 
040 |a SNK  |b slo  |c SNK  |e AACR2 
044 |a GB 
072 7 |a 811.111  |2 konspekt 
080 |a 811.111  |2 1981 
080 |a 81`24  |2 1981 
080 |a 398.9  |2 1981 
080 |a (031)  |2 1981 
245 1 4 |a The Oxford dictionary of catchphrases  |c compiled by Anna Farkas 
260 |a Oxford  |b Oxford University Press  |c 2002 
300 |a 357 s.  |c 20 cm 
490 1 |a Oxford paperback reference 
650 0 7 |a angličtina  |2 SNKPH  |9 1260 
650 0 7 |a frazeológia  |2 SNKPH  |9 1507 
650 0 7 |a angličtina  |2 konspekt  |9 1260 
655 7 |a slovníky  |2 SNK  |9 70413 
655 7 |a výkladové slovníky  |2 SNKPH  |9 69007 
700 1 |a Farkas, Anna  |4 com  |9 738238 
830 0 |a Oxford paperback reference  |9 296457 
919 |a 0-19-860735-0 
999 |c 1161593  |d 1163523 
952 |t P60, <04>, [BOOK], {604}  |a SNK  |b SNK  |y VYP  |7 0  |p 17A0429965  |o snkID 97298  |i snkV 1042/2004  |g 3.98  |0 0  |1 0  |4 0  |d 2004-07-26  |l 0  |r 2005-01-02 00:00:00  |w 2026-02-24